00502pab a2200181 454500008004000000100001900040245008600059260000900145300001500154362000800169650002400177650001800201650001800219650001700237700001900254700001900273773002800292180718b2012 xxu||||| |||| 00| 0 eng d aBeck, Colin J. aWorld influence on human rights language in constitutions: A cross-national study c2012 ap.483-501. aJul aPolitical sociology aGlobalization aConstitutions aHuman rights aMeyer, John W. aDrori, Gili S. aInternational Sociology